[Event "Titled Tuesday intern op 16th Jan Early"]
[Site "Chess.com INT"]
[Date "2024.01.16"]
[Round "4"]
[White "Fernandez Mayola, Reynold Rafael"]
[Black "Najdin, Danil"]
[Result "0-1"]
[WhiteElo "2246"]
[BlackElo "2195"]
[PlyCount "58"]
[EventDate "2024.01.16"]
[EventType "swiss (blitz)"]
[EventRounds "11"]
[EventCountry "USA"]
[SourceTitle "CB04_2024"]
[SourceDate "2023.10.16"]
[SourceVersion "1"]
[SourceVersionDate "2023.10.16"]
[SourceQuality "1"]

1. Nf3 d5 2. g3 Nf6 3. Bg2 Bf5 4. 0-0 e6 5. d3 h6 6. Nbd2 c6 7. b3 Bh7 8. Bb2 Be7 9. Re1 0-0 10. e4 a5 11. a3 a4 12. b4 c5 13. b5 Nbd7 14. c4 dxe4 15. dxe4 Qc7 16. Qc2 Rfd8 17. Rad1 Ng4 18. Nb1 Bf6 19. Nc3 Nge5 20. Nxe5 Bxe5 21. Nxa4 Bxb2 22. Nxb2 Rxa3 23. Rd2 Raa8 24. f4 Nf6 25. Red1 Rxd2 26. Rxd2 Rd8 27. f5 Ng4 28. Rxd8+ Qxd8 29. Qd3 Qf6 0-1

[Event "Titled Tuesday intern op 16th Jan Early"]
[Site "Chess.com INT"]
[Date "2024.01.16"]
[Round "2"]
[White "Garcia Dorado, Alberto"]
[Black "Najdin, Danil"]
[Result "0-1"]
[WhiteElo "2217"]
[BlackElo "2195"]
[PlyCount "24"]
[EventDate "2024.01.16"]
[EventType "swiss (blitz)"]
[EventRounds "11"]
[EventCountry "USA"]
[SourceTitle "CB04_2024"]
[SourceDate "2023.10.16"]
[SourceVersion "1"]
[SourceVersionDate "2023.10.16"]
[SourceQuality "1"]

1. d4 Nf6 2. Nf3 d5 3. Bf4 c5 4. e3 cxd4 5. exd4 a6 6. c3 Nc6 7. Bd3 Bg4 8. Nbd2 e6 9. Qb3 b5 10. h3 Bh5 11. 0-0 Bg6 12. Bc4 dxc4 0-1

[Event "Titled Tuesday intern op 29th Aug Early"]
[Site "Chess.com INT"]
[Date "2023.08.29"]
[Round "2"]
[White "Davidson, Kevin"]
[Black "Najdin, Danil"]
[Result "0-1"]
[WhiteElo "2154"]
[BlackElo "2195"]
[PlyCount "72"]
[EventDate "2023.08.29"]
[EventType "swiss (blitz)"]
[EventRounds "11"]
[EventCountry "USA"]
[SourceTitle "EXT 2024"]
[Source "ChessBase"]
[SourceDate "2023.10.10"]
[SourceVersion "1"]
[SourceVersionDate "2023.10.10"]
[SourceQuality "1"]

1. e4 g6 2. d4 c6 3. Nc3 d5 4. h3 Bg7 5. Nf3 Nf6 6. Bd3 dxe4 7. Nxe4 Nxe4 8. Bxe4 Nd7 9. c3 Nf6 10. Bc2 0-0 11. 0-0 Qc7 12. Re1 c5 13. dxc5 Qxc5 14. Be3 Qc7 15. Bd4 Be6 16. Ng5 Bc4 17. Bb3 Rad8 18. Bxc4 Qxc4 19. Rxe7 Nd5 20. Rxb7 Nf4 21. Qf3 Ne2+ 22. Kh1 Nxd4 23. cxd4 Bxd4 24. Re1 h6 25. Ne4 Kg7 26. b3 Qd5 27. Re7 Rfe8 28. Nd2 Rxe7 29. Rxe7 Qxf3 30. Nxf3 Bxf2 31. g4 Kf6 32. Re2 Bb6 33. Kg2 Rd3 34. Rc2 Re3 35. Rd2 Ke6 36. h4 Re4 0-1

[Event "Titled Tuesday intern op 22nd Aug Early"]
[Site "Chess.com INT"]
[Date "2023.08.22"]
[Round "4"]
[White "Najdin, Danil"]
[Black "Yuruultei, Batbaatar"]
[Result "1-0"]
[WhiteElo "2195"]
[BlackElo "1433"]
[PlyCount "53"]
[EventDate "2023.08.22"]
[EventType "swiss (blitz)"]
[EventRounds "11"]
[EventCountry "USA"]
[SourceTitle "EXT 2024"]
[Source "ChessBase"]
[SourceDate "2023.10.10"]
[SourceVersion "1"]
[SourceVersionDate "2023.10.10"]
[SourceQuality "1"]

1. d4 Nf6 2. c4 g6 3. Nc3 Bg7 4. e4 d6 5. Be2 0-0 6. Bg5 c5 7. d5 b5 8. cxb5 a6 9. a4 Qa5 10. Qd2 axb5 11. Bxb5 Ba6 12. f3 h6 13. Be3 Bxb5 14. Nxb5 Qb6 15. Ne2 Kh7 16. 0-0 Nfd7 17. Rab1 Na6 18. b4 Ne5 19. Rfc1 Rfc8 20. h3 Qb7 21. bxc5 Nxc5 22. Nxd6 Qa7 23. Nxc8 Rxc8 24. Qc2 Ned7 25. Rb5 Qc7 26. Bxc5 Qg3 27. Nxg3 1-0

[Event "Phuket Blue Chevaliers op"]
[Site "Phuket"]
[Date "2023.07.25"]
[Round "4"]
[White "Keok, Kai En"]
[Black "Najdin, Danil"]
[Result "0-1"]
[WhiteElo "1748"]
[BlackElo "2197"]
[PlyCount "106"]
[EventDate "2023.07.23"]
[EventType "swiss"]
[EventRounds "9"]
[EventCountry "THA"]
[SourceTitle "CBM 215 Extra"]
[Source "ChessBase"]
[SourceDate "2023.09.30"]
[SourceVersion "1"]
[SourceVersionDate "2023.09.30"]
[SourceQuality "1"]

1. e4 e5 2. Nf3 Nc6 3. Nc3 Nf6 4. a3 d5 5. Bb5 d4 6. Ne2 Bd6 7. d3 0-0 8. Ng3 Ne7 9. 0-0 c5 10. Nh4 Be6 11. Bg5 a6 12. Bxf6 axb5 13. Nh5 gxf6 14. Qd2 Bg4 15. Nxf6+ Kg7 16. Nxg4 Kh8 17. Qg5 Ng8 18. Qh5 Nf6 19. Nxf6 Qxf6 20. Nf5 Bc7 21. Qe2 Rg8 22. g3 Qg5 23. h4 Qd8 24. c3 Rg6 25. Rfc1 b6 26. Qc2 Qd7 27. b4 Bd6 28. cxd4 exd4 29. bxc5 bxc5 30. Nxd6 Qxd6 31. Qxc5 Rxg3+ 32. fxg3 Qxg3+ 33. Kf1 Qf3+ 34. Ke1 Qe3+ 35. Kf1 Qf3+ 36. Ke1 Re8 37. e5 Rg8 38. Qc8 Qe3+ 39. Kf1 Qxd3+ 40. Ke1 Qe3+ 41. Kf1 d3 42. Qxg8+ Kxg8 43. Re1 Qf3+ 44. Kg1 Qg3+ 45. Kh1 Qxh4+ 46. Kg2 Qg4+ 47. Kh2 Qf4+ 48. Kh1 Qf3+ 49. Kh2 d2 50. Rg1+ Kf8 51. Rad1 Qe2+ 52. Kg3 Ke7 53. Rb1 Ke6 0-1

[Event "Phuket Blue Chevaliers op"]
[Site "Phuket"]
[Date "2023.07.24"]
[Round "3"]
[White "Najdin, Danil"]
[Black "Rohland, Michael Karl"]
[Result "1-0"]
[WhiteElo "2197"]
[BlackElo "1779"]
[PlyCount "125"]
[EventDate "2023.07.23"]
[EventType "swiss"]
[EventRounds "9"]
[EventCountry "THA"]
[SourceTitle "CBM 215 Extra"]
[Source "ChessBase"]
[SourceDate "2023.09.30"]
[SourceVersion "1"]
[SourceVersionDate "2023.09.30"]
[SourceQuality "1"]

1. e4 c6 2. d4 d5 3. exd5 cxd5 4. Bd3 Nf6 5. c3 Nc6 6. Bf4 e6 7. Nd2 Bd6 8. Bxd6 Qxd6 9. Ngf3 0-0 10. 0-0 e5 11. dxe5 Nxe5 12. Nxe5 Qxe5 13. Re1 Qc7 14. h3 Bd7 15. Nf1 Rfe8 16. Bc2 Rxe1 17. Qxe1 d4 18. Rc1 Re8 19. Qd1 dxc3 20. Bb1 Qb6 21. Rxc3 Bc6 22. Qd2 Rd8 23. Qc1 g6 24. Qg5 Be4 25. Bc2 Bxc2 26. Rxc2 Kg7 27. Ne3 h6 28. Nf5+ Kg8 29. Nxh6+ Kf8 30. Qf4 Kg7 31. Rc7 Rd1+ 32. Kh2 Rd7 33. Rxd7 Nxd7 34. Nxf7 Qxb2 35. Nd8 Nf6 36. Qc7+ Kh6 37. Nf7+ Kg7 38. Ng5+ Kh6 39. f4 Qd4 40. Ne6 Qd7 41. Qe5 Nh7 42. f5 gxf5 43. Qxf5 Qd6+ 44. Nf4 b5 45. h4 b4 46. Kh3 Qf6 47. Qe4 Qc3+ 48. g3 Nf8 49. Nd5 Qc8+ 50. g4 a5 51. Qf4+ Kg7 52. Qf6+ Kh7 53. Qf7+ Kh8 54. Qf6+ Kh7 55. Qe7+ Kh8 56. Qe5+ Kh7 57. Nf6+ Kg6 58. h5+ Kf7 59. Ne4 Qc6 60. Nd6+ Kg8 61. Qg5+ Kh7 62. Qe7+ Kg8 63. Qf7+ 1-0

[Event "Titled Tuesday intern op 31st Jan Early"]
[Site "Chess.com INT"]
[Date "2023.01.31"]
[Round "7"]
[White "Andreev, Konstantin"]
[Black "Najdin, Danil"]
[Result "0-1"]
[WhiteElo "2130"]
[BlackElo "2235"]
[PlyCount "130"]
[EventDate "2023.01.31"]
[EventType "swiss (blitz)"]
[EventRounds "11"]
[EventCountry "USA"]
[SourceTitle "CBM 212 Extra"]
[Source "ChessBase"]
[SourceDate "2023.03.31"]
[SourceVersion "1"]
[SourceVersionDate "2023.03.31"]
[SourceQuality "1"]

1. e4 g6 2. d4 c6 3. Nc3 d5 4. e5 Bg7 5. f4 h5 6. Be3 Nh6 7. h3 f6 8. Bd3 Bf5 9. Nf3 Nd7 10. Nh4 Kf7 11. Nxf5 Nxf5 12. Bf2 h4 13. Qg4 e6 14. 0-0-0 Bh6 15. Kb1 fxe5 16. dxe5 Bf8 17. Rhe1 Bc5 18. Ne4 dxe4 19. Bc4 Qe7 20. Rxd7 Qxd7 21. Bxc5 Rad8 22. a4 b6 23. Bb4 b5 24. axb5 cxb5 25. Bb3 e3 26. Ba5 Rc8 27. Rd1 Qc6 28. c3 Rb8 29. Rd6 Qe4+ 30. Ka2 Nxd6 31. Qxe6+ Kg7 32. Qe7+ Nf7 33. Qxf7+ Kh6 34. Qe7 Qxf4 35. c4 bxc4 36. Bc2 Rhe8 37. Qd6 Qg5 38. Bc3 Rb6 39. Qc7 e2 40. Qf7 e1Q 41. Bxe1 Rxe5 42. Bc3 Ra5+ 43. Bxa5 Qxa5+ 44. Kb1 Qe1+ 45. Ka2 Qe6 46. Qf8+ Kg5 47. Qf3 Qe5 48. Qa3 Qe6 49. Qf3 Ra6+ 50. Kb1 Qe1+ 51. Bd1 Rd6 52. Kc2 Rxd1 53. Qxd1 Qxd1+ 54. Kxd1 Kf4 55. Kc2 Kg3 56. Kc3 Kxg2 57. Kxc4 Kxh3 58. Kb5 Kg3 59. Ka6 h3 60. Kxa7 h2 61. b4 h1Q 62. b5 Qd5 63. b6 Qb5 64. b7 Qxb7+ 65. Kxb7 g5 0-1

[Event "Titled Tuesday intern op 31st Jan Early"]
[Site "Chess.com INT"]
[Date "2023.01.31"]
[Round "6"]
[White "Najdin, Danil"]
[Black "Bilych, Olexiy"]
[Result "0-1"]
[WhiteElo "2235"]
[BlackElo "2416"]
[PlyCount "68"]
[EventDate "2023.01.31"]
[EventType "swiss (blitz)"]
[EventRounds "11"]
[EventCountry "USA"]
[SourceTitle "CBM 212 Extra"]
[Source "ChessBase"]
[SourceDate "2023.03.31"]
[SourceVersion "1"]
[SourceVersionDate "2023.03.31"]
[SourceQuality "1"]

1. c4 Nf6 2. Nf3 e6 3. b3 d5 4. Bb2 Be7 5. e3 0-0 6. Be2 b6 7. 0-0 Bb7 8. d4 c5 9. cxd5 exd5 10. Nc3 Nbd7 11. Rc1 Re8 12. dxc5 bxc5 13. Bb5 a6 14. Ba4 Rc8 15. Qe2 Rf8 16. Bxd7 Qxd7 17. Na4 Qb5 18. Qxb5 axb5 19. Bxf6 gxf6 20. Nc3 b4 21. Na4 d4 22. exd4 Bxf3 23. gxf3 cxd4 24. Rfd1 Rxc1 25. Rxc1 Rd8 26. Rd1 f5 27. Kf1 Bf6 28. Ke2 Rc8 29. Kd3 Kf8 30. Re1 h5 31. h3 Rc6 32. Re2 Rc1 33. Nb6 Rc3+ 34. Kd2 Bg5+ 0-1

[Event "Titled Tuesday intern op 31st Jan Early"]
[Site "Chess.com INT"]
[Date "2023.01.31"]
[Round "8"]
[White "Sychev, Klementy"]
[Black "Najdin, Danil"]
[Result "1-0"]
[WhiteElo "2556"]
[BlackElo "2235"]
[PlyCount "87"]
[EventDate "2023.01.31"]
[EventType "swiss (blitz)"]
[EventRounds "11"]
[EventCountry "USA"]
[SourceTitle "CBM 212 Extra"]
[Source "ChessBase"]
[SourceDate "2023.03.31"]
[SourceVersion "1"]
[SourceVersionDate "2023.03.31"]
[SourceQuality "1"]

1. e4 g6 2. d4 c6 3. Nc3 d5 4. h3 Bg7 5. Nf3 Nf6 6. e5 Ne4 7. Bd3 Nxc3 8. bxc3 c5 9. a4 Nc6 10. 0-0 b6 11. Bb5 Bd7 12. e6 fxe6 13. Qe2 e5 14. Bxc6 Bxc6 15. Nxe5 Qd6 16. Bf4 0-0 17. Bg3 Qf6 18. a5 cxd4 19. cxd4 a6 20. axb6 Bb5 21. Qg4 Bxf1 22. Rxf1 Qxb6 23. Nd7 Qxd4 24. Qe6+ Rf7 25. Be5 Qe4 26. Qc6 Rd8 27. Bxg7 Kxg7 28. Nc5 Rd6 29. Qc8 Qf5 30. Qc7 Rdf6 31. Nd3 d4 32. Re1 Qd5 33. Re5 Qa2 34. Rxe7 Rxe7 35. Qxe7+ Qf7 36. Qc5 Qb7 37. g3 Qb5 38. Qc7+ Rf7 39. Qd6 Qb1+ 40. Kg2 Qxc2 41. Qxd4+ Kg8 42. Ne5 Rf8 43. h4 Qf5 44. Ng4 1-0

[Event "Titled Tuesday intern op 10th Jan Early"]
[Site "Chess.com INT"]
[Date "2023.01.10"]
[Round "2"]
[White "Bobomurodova, Maftuna"]
[Black "Najdin, Danil"]
[Result "0-1"]
[WhiteElo "1991"]
[BlackElo "2235"]
[PlyCount "118"]
[EventDate "2023.01.10"]
[EventType "swiss (blitz)"]
[EventRounds "11"]
[EventCountry "USA"]
[SourceTitle "EXT 2024"]
[Source "ChessBase"]
[SourceDate "2023.10.10"]
[SourceVersion "1"]
[SourceVersionDate "2023.10.10"]
[SourceQuality "1"]

1. e4 g6 2. d4 c6 3. Nc3 d5 4. Nf3 Bg7 5. Be2 Bg4 6. 0-0 e6 7. h3 Bxf3 8. Bxf3 Nf6 9. Be3 dxe4 10. Nxe4 Nxe4 11. Bxe4 Nd7 12. c3 0-0 13. Qd2 Nf6 14. Bc2 Nd5 15. Rae1 Qd6 16. Bb3 a5 17. Bxd5 cxd5 18. Bf4 Qd7 19. Bh6 b5 20. Bxg7 Kxg7 21. h4 h5 22. Qg5 Qd8 23. Qe5+ Qf6 24. f4 Qxe5 25. fxe5 Ra7 26. Kh2 Rc8 27. Kh3 b4 28. Re3 bxc3 29. bxc3 Rb7 30. Rf2 a4 31. g4 hxg4+ 32. Kxg4 Rb1 33. Ref3 Rc7 34. Rg2 a3 35. h5 Rb2 36. Rg1 gxh5+ 37. Kxh5+ Kf8 38. Rfg3 Rxa2 39. Rb1 Rb2 40. Ra1 a2 41. Kg5 Ke7 42. Kf4 Ra7 43. Rgg1 Rc2 44. Rh1 Rxc3 45. Rh2 Rd3 46. Rhxa2 Rxa2 47. Rxa2 Rxd4+ 48. Kf3 Re4 49. Ra7+ Kf8 50. Rb7 Rxe5 51. Kf4 Rf5+ 52. Ke3 Kg7 53. Kd4 Kf6 54. Rb8 Rf4+ 55. Ke3 Ke5 56. Re8 Ra4 57. Kd3 Ra3+ 58. Kc2 f5 59. Rf8 f4 0-1

[Event "Titled Tuesday intern op 10th Jan Early"]
[Site "Chess.com INT"]
[Date "2023.01.10"]
[Round "5"]
[White "Najdin, Danil"]
[Black "Boruchovsky, Avital"]
[Result "1-0"]
[WhiteElo "2235"]
[BlackElo "2553"]
[PlyCount "69"]
[EventDate "2023.01.10"]
[EventType "swiss (blitz)"]
[EventRounds "11"]
[EventCountry "USA"]
[SourceTitle "EXT 2024"]
[Source "ChessBase"]
[SourceDate "2023.10.10"]
[SourceVersion "1"]
[SourceVersionDate "2023.10.10"]
[SourceQuality "1"]

1. e4 e5 2. Nf3 Nc6 3. Nc3 g6 4. d4 exd4 5. Nd5 Bg7 6. Bg5 Nce7 7. Nxd4 c6 8. Nc3 h6 9. Bh4 g5 10. Bg3 d5 11. e5 Ng6 12. Qe2 N8e7 13. 0-0-0 Qb6 14. h4 gxh4 15. Bxh4 Nxh4 16. Rxh4 Ng6 17. Rh1 0-0 18. Qh5 Qd8 19. Nf3 Re8 20. Re1 d4 21. Bc4 dxc3 22. Qxg6 cxb2+ 23. Kb1 Be6 24. Qe4 Bxc4 25. Qxc4 Re6 26. Nd4 Rxe5 27. Rxe5 Bxe5 28. Nf5 Qd7 29. Qg4+ Kf8 30. Rxh6 Rd8 31. Rh1 Qd2 32. g3 Rd5 33. Qh5 Bg7 34. Qh8+ Bxh8 35. Rxh8# 1-0

[Event "Titled Tuesday intern op 03rd Jan Early"]
[Site "Chess.com INT"]
[Date "2023.01.03"]
[Round "1"]
[White "Kaasen, Tor Fredrik"]
[Black "Najdin, Danil"]
[Result "1-0"]
[WhiteElo "2459"]
[BlackElo "2235"]
[PlyCount "73"]
[EventDate "2023.01.03"]
[EventType "swiss (blitz)"]
[EventRounds "11"]
[EventCountry "USA"]
[SourceTitle "EXT 2024"]
[Source "ChessBase"]
[SourceDate "2023.10.10"]
[SourceVersion "1"]
[SourceVersionDate "2023.10.10"]
[SourceQuality "1"]

1. Nf3 Nf6 2. c4 g6 3. g3 Bg7 4. Bg2 0-0 5. 0-0 c5 6. d4 d6 7. Nc3 Nc6 8. d5 Na5 9. Nd2 a6 10. Rb1 Bd7 11. Qc2 b5 12. cxb5 axb5 13. b4 cxb4 14. Rxb4 Qc7 15. Bb2 Rfc8 16. Rc1 Qc5 17. a3 Bf5 18. Qd1 Nc4 19. Nxc4 bxc4 20. Na4 Rxa4 21. Rxa4 Ng4 22. Bxg7 Qxf2+ 23. Kh1 Kxg7 24. Qg1 Qxe2 25. h3 Nf2+ 26. Kh2 Nxh3 27. Qd4+ f6 28. Qd1 Qa2 29. Ra7 Ng5 30. Rxe7+ Kf8 31. Qe2 Qxa3 32. Re1 Qa4 33. Rb7 Re8 34. Qf2 c3 35. Rxe8+ Kxe8 36. Qe3+ Be4 37. Qxc3 1-0

[Event "Titled Tuesday intern op 03rd Jan Early"]
[Site "Chess.com INT"]
[Date "2023.01.03"]
[Round "11"]
[White "Najdin, Danil"]
[Black "Lopez del Alamo, Antonio"]
[Result "1-0"]
[WhiteElo "2235"]
[BlackElo "2275"]
[PlyCount "67"]
[EventDate "2023.01.03"]
[EventType "swiss (blitz)"]
[EventRounds "11"]
[EventCountry "USA"]
[SourceTitle "EXT 2024"]
[Source "ChessBase"]
[SourceDate "2023.10.10"]
[SourceVersion "1"]
[SourceVersionDate "2023.10.10"]
[SourceQuality "1"]

1. e4 c5 2. Nf3 e6 3. d4 cxd4 4. Nxd4 Nf6 5. Nc3 Nc6 6. Nxc6 bxc6 7. e5 Nd5 8. Ne4 Bb7 9. c4 Nb4 10. a3 c5 11. Nd6+ Bxd6 12. exd6 Nc6 13. Be3 Qf6 14. Qd2 Nd4 15. Bxd4 cxd4 16. 0-0-0 e5 17. f4 0-0 18. fxe5 Qxe5 19. Qxd4 Qh5 20. Bd3 Bc6 21. h3 Rab8 22. Rhe1 a5 23. Re5 Qh6+ 24. Kb1 a4 25. c5 Rb3 26. Bc4 Rb7 27. Rf1 Qg6+ 28. Ka2 Qc2 29. Rxf7 Qb3+ 30. Bxb3 axb3+ 31. Kb1 Rxf7 32. Re8+ Rf8 33. Qc4+ Kh8 34. Rxf8# 1-0

[Event "Titled Tuesday intern op 06th Dec Early"]
[Site "Chess.com INT"]
[Date "2022.12.06"]
[Round "5"]
[White "Najdin, Danil"]
[Black "Fernandez, Gerardo"]
[Result "1-0"]
[WhiteElo "2235"]
[BlackElo "2169"]
[PlyCount "99"]
[EventDate "2022.12.06"]
[EventType "swiss (blitz)"]
[EventRounds "11"]
[EventCountry "USA"]
[SourceTitle "CBM 211 Extra"]
[Source "ChessBase"]
[SourceDate "2023.01.31"]
[SourceVersion "1"]
[SourceVersionDate "2023.01.31"]
[SourceQuality "1"]

1. d4 Nf6 2. c4 c5 3. d5 b5 4. cxb5 a6 5. bxa6 g6 6. Nc3 Bg7 7. e4 0-0 8. Nf3 Qa5 9. Bd2 Bxa6 10. Bxa6 Qxa6 11. Qe2 e6 12. Qxa6 Nxa6 13. 0-0 exd5 14. exd5 Rfb8 15. b3 d6 16. Rfe1 Nb4 17. Rad1 Nxa2 18. Nxa2 Rxa2 19. Bf4 Ra6 20. Rd3 Nh5 21. Bg5 h6 22. Be3 Ra3 23. Nd2 f5 24. g3 Nf6 25. Bf4 Rb6 26. Re6 Ne4 27. Rxg6 Kf7 28. Re6 Nxd2 29. Rxd2 Raxb3 30. Bxd6 c4 31. Rde2 Rb7 32. Be5 Bxe5 33. R2xe5 c3 34. Rxf5+ Kg7 35. Rc6 Rb1+ 36. Kg2 Rc1 37. Rf3 Rd7 38. Rfxc3 Rd1 39. R3c5 R1xd5 40. Rxd5 Rxd5 41. g4 Rd3 42. f3 Rd1 43. Kg3 Rd4 44. h4 Ra4 45. g5 hxg5 46. hxg5 Ra3 47. Kg4 Ra4+ 48. f4 Ra1 49. Rc7+ Kg6 50. f5# 1-0

[Event "Titled Tuesday intern op 06th Dec Early"]
[Site "Chess.com INT"]
[Date "2022.12.06"]
[Round "10"]
[White "Najdin, Danil"]
[Black "Samaganova, Alexandra"]
[Result "1-0"]
[WhiteElo "2235"]
[BlackElo "1884"]
[PlyCount "67"]
[EventDate "2022.12.06"]
[EventType "swiss (blitz)"]
[EventRounds "11"]
[EventCountry "USA"]
[SourceTitle "CBM 211 Extra"]
[Source "ChessBase"]
[SourceDate "2023.01.31"]
[SourceVersion "1"]
[SourceVersionDate "2023.01.31"]
[SourceQuality "1"]

1. e4 c5 2. Nf3 e6 3. d4 cxd4 4. Nxd4 a6 5. Bd3 Qc7 6. c4 Nf6 7. Nc3 b6 8. Be3 Bb7 9. 0-0 d6 10. Rc1 Nbd7 11. b4 Rc8 12. f4 Qb8 13. Qe2 Be7 14. Nb3 0-0 15. g4 d5 16. cxd5 exd5 17. e5 Ne4 18. Nxe4 dxe4 19. Bxa6 Bxb4 20. Rfd1 Nc5 21. Nxc5 Bxc5 22. Bc4 Kh8 23. Bb3 Qa8 24. Bxc5 Rxc5 25. Rxc5 bxc5 26. Rd7 Ba6 27. Qc2 c4 28. Ba4 e3 29. Qg2 Qb8 30. Qe4 Qb6 31. Bc2 e2+ 32. Rd4 g6 33. Qe3 Qb2 34. Kf2 1-0

[Event "Titled Tuesday intern op 06th Dec Early"]
[Site "Chess.com INT"]
[Date "2022.12.06"]
[Round "1"]
[White "Rakhmatullaev, Almas"]
[Black "Najdin, Danil"]
[Result "1-0"]
[WhiteElo "2306"]
[BlackElo "2235"]
[PlyCount "87"]
[EventDate "2022.12.06"]
[EventType "swiss (blitz)"]
[EventRounds "11"]
[EventCountry "USA"]
[SourceTitle "CBM 211 Extra"]
[Source "ChessBase"]
[SourceDate "2023.01.31"]
[SourceVersion "1"]
[SourceVersionDate "2023.01.31"]
[SourceQuality "1"]

1. e4 e5 2. Nf3 Nc6 3. Bb5 a6 4. Ba4 Nf6 5. 0-0 b5 6. Bb3 Bc5 7. Nxe5 Nxe5 8. d4 Bxd4 9. Qxd4 d6 10. a4 c5 11. Qd1 c4 12. Ba2 0-0 13. Nc3 Rb8 14. axb5 axb5 15. Bg5 h6 16. Bxf6 Qxf6 17. Nd5 Qh4 18. f4 Ng4 19. h3 Nf6 20. Ne7+ Kh8 21. Qxd6 Bxh3 22. Qa3 Bd7 23. Nd5 Nxe4 24. Qe7 Qxe7 25. Nxe7 Rfe8 26. Nd5 Bc6 27. Nb4 Bb7 28. b3 c3 29. Nd3 Ng3 30. Rfe1 Ne2+ 31. Kf2 Nd4 32. b4 Be4 33. Bxf7 Re7 34. Bg6 Nxc2 35. Bxe4 Nxa1 36. Ne5 Rxe5 37. fxe5 Nb3 38. e6 Kg8 39. e7 Nd4 40. Bd5+ Kh7 41. e8Q Rxe8 42. Rxe8 c2 43. Be4+ g6 44. Rc8 1-0

[Event "Titled Tuesday intern op 01st Nov Early"]
[Site "Chess.com INT"]
[Date "2022.11.01"]
[Round "7"]
[White "Clawitter, Craig"]
[Black "Najdin, Danil"]
[Result "0-1"]
[WhiteElo "2050"]
[BlackElo "2235"]
[PlyCount "64"]
[EventDate "2022.11.01"]
[EventType "swiss (blitz)"]
[EventRounds "11"]
[EventCountry "USA"]
[SourceTitle "EXT 2024"]
[Source "ChessBase"]
[SourceDate "2023.10.10"]
[SourceVersion "1"]
[SourceVersionDate "2023.10.10"]
[SourceQuality "1"]

1. e4 g6 2. d4 c6 3. Nc3 d5 4. Be3 Bg7 5. Qd2 Nf6 6. Bh6 0-0 7. e5 Ne4 8. Nxe4 dxe4 9. 0-0-0 c5 10. Bxg7 Kxg7 11. dxc5 Qc7 12. Qc3 Be6 13. Ne2 Nc6 14. Nf4 Qxe5 15. Nxe6+ fxe6 16. Qxe5+ Nxe5 17. Rd2 Ng4 18. Rd7 Rxf2 19. Rxb7 Rd8 20. Rxe7+ Kf6 21. Rxa7 Rdd2 22. Rb7 Ne3 23. Ba6 Rxc2+ 24. Kb1 Nxg2 25. Rc1 Ne3 26. c6 Rxc1+ 27. Kxc1 Rc2+ 28. Kb1 Rxc6 29. b4 Rxa6 30. b5 Ra4 31. b6 Nd5 32. Rxh7 Nxb6 0-1